[Event "Isle of Man Open"]
[Site "Douglas"]
[Date "21.10.2018"]
[Round "2.61"]
[White "Tarjan, James"]
[Black "Laustsen, Lars"]
[Result "1-0"]
[WhiteTitle "GM"]
[WhiteElo "2404"]
[BlackElo "2236"]
[WhiteFideId "2000180"]
[BlackFideId "1407554"]
[EventDate "2018.10.20"]

1. e4 c5 2. Nc3 Nc6 3. Nf3 e5 4. Bc4 Be7 5. d3 Nf6 6. Nd2 d6 7. Nf1 Be6 8. Ne3
O-O 9. O-O Qd7 10. a3 Nd4 11. Ncd5 Bxd5 12. Nxd5 Nxd5 13. Bxd5 Ne6 14. Re1 Rad8
15. c3 Bf6 16. Be3 b6 17. Bb3 Qe7 18. Qf3 g6 19. Rad1 Bg7 20. Qh3 Nc7 21. Qg3
Ne6 22. Re2 Kh8 23. Qh3 f5 24. exf5 Rxf5 25. d4 exd4 26. Bxd4 Be5 27. Bxe6 cxd4
28. Bxf5 1-0

[Event "Isle of Man Open"]
[Site "Douglas"]
[Date "21.10.2018"]
[Round "2.62"]
[White "Unuk, Laura"]
[Black "Zhukova, Natalia"]
[Result "1-0"]
[WhiteTitle "WIM"]
[BlackTitle "GM"]
[WhiteElo "2272"]
[BlackElo "2403"]
[WhiteFideId "14609215"]
[BlackFideId "14101513"]
[EventDate "2018.10.20"]

1. d4 e6 2. c4 c5 3. d5 exd5 4. cxd5 d6 5. Nc3 g6 6. Bf4 Bg7 7. Qa4+ Kf8 8. Qb3
Nf6 9. Nf3 Qe7 10. h3 Nbd7 11. e3 Nh5 12. Bh2 Ne5 13. Nd2 f5 14. Be2 Nf6 15. a4
h5 16. a5 Bh6 17. Nb5 Kg7 18. Rd1 Bd7 19. Bxe5 dxe5 20. d6 Qf7 21. Bc4 Qf8 22.
Nc7 Qxd6 23. Nxa8 Bc6 24. Ne4 Qe7 25. Nxf6 Kxf6 26. Bd5 Rxa8 27. Bxc6 bxc6 28.
O-O Qc7 29. Rd2 Rd8 30. Rxd8 Qxd8 31. a6 Bf8 32. Qb7 1-0

[Event "Isle of Man Open"]
[Site "Douglas"]
[Date "21.10.2018"]
[Round "2.63"]
[White "Wall, Tim P"]
[Black "Houska, Jovanka"]
[Result "0-1"]
[WhiteTitle "FM"]
[BlackTitle "IM"]
[WhiteElo "2253"]
[BlackElo "2402"]
[WhiteFideId "401641"]
[BlackFideId "405094"]
[EventDate "2018.10.20"]

1. b3 d5 2. Bb2 Nf6 3. e3 c6 4. Be2 g6 5. g4 h6 6. h3 Bg7 7. Nf3 a5 8. a3 Nbd7
9. d3 Qc7 10. Nbd2 b5 11. Nf1 Bb7 12. Ng3 e5 13. g5 hxg5 14. Nxg5 c5 15. a4 bxa4
16. bxa4 Bc6 17. Ra2 Rb8 18. Qa1 Nh7 19. Nxh7 Rxh7 20. h4 Nb6 21. Bf3 d4 22.
Bxc6+ Qxc6 23. e4 f5 24. exf5 gxf5 25. Rg1 Qe6 26. Bc1 Rxh4 27. Bb2 Rg4 28. Rh1
e4 29. dxe4 Rxg3 0-1

[Event "Isle of Man Open"]
[Site "Douglas"]
[Date "21.10.2018"]
[Round "2.64"]
[White "Seul, Georg"]
[Black "Allen, Keith"]
[Result "1-0"]
[WhiteTitle "IM"]
[WhiteElo "2402"]
[BlackElo "2216"]
[WhiteFideId "4601653"]
[BlackFideId "2501147"]
[EventDate "2018.10.20"]

1. e4 e5 2. Bc4 Nc6 3. Nf3 Bc5 4. O-O Nf6 5. d3 a6 6. c3 Ba7 7. a4 d6 8. Re1 O-O
9. h3 Be6 10. Bxe6 fxe6 11. Be3 Bxe3 12. Rxe3 a5 13. Na3 Nd7 14. Nb5 Na7 15.
Nxa7 Rxa7 16. d4 Qf6 17. Qc2 Rf7 18. Rd1 Ra8 19. Rd2 exd4 20. cxd4 e5 21. dxe5
Nxe5 22. Rd5 Nxf3+ 23. Rxf3 Qe6 24. Rxf7 Qxf7 25. Qc3 b6 26. Rf5 Qe6 27. Qxc7 g6
28. Rf3 Rc8 29. Qxb6 Qe5 30. Qb3+ Kh8 31. Rc3 Re8 32. Qf7 Qe7 33. Qxe7 Rxe7 34.
f3 Rb7 35. b3 Kg7 36. Kf2 Kf6 37. Rd3 Ke6 38. Rd5 Rxb3 39. Rxa5 Rb2+ 40. Kg3 h5
41. h4 Ra2 42. Kf4 Kf6 43. g3 Ra3 44. Ra6 Ke7 45. Ra8 Ke6 46. a5 Kf6 47. a6 Kg7
48. a7 Kh7 49. g4 hxg4 50. Kxg4 Kg7 51. h5 gxh5+ 52. Kxh5 Ra5+ 53. Kg4 Kh7 54.
f4 Kg7 55. f5 1-0

[Event "Isle of Man Open"]
[Site "Douglas"]
[Date "21.10.2018"]
[Round "2.65"]
[White "Ragnarsson, Dagur"]
[Black "Tania, Sachdev"]
[Result "0-1"]
[WhiteTitle "FM"]
[BlackTitle "IM"]
[WhiteElo "2251"]
[BlackElo "2400"]
[WhiteFideId "2304058"]
[BlackFideId "5007844"]
[EventDate "2018.10.20"]

1. d4 Nf6 2. c4 e6 3. Nf3 b6 4. a3 Bb7 5. Bf4 Be7 6. Nc3 d6 7. e3 Nh5 8. Bg3 Nd7
9. Qc2 O-O 10. Bd3 g6 11. Be4 c6 12. Qa4 Nxg3 13. hxg3 Qc7 14. Rd1 a6 15. Bb1 b5
16. Qb3 Nb6 17. c5 dxc5 18. dxc5 Nd7 19. Ne4 Nxc5 20. Nxc5 Bxc5 21. Qc3 Be7 22.
Ke2 e5 23. Rh6 Kg7 24. Rdh1 Rh8 25. g4 c5 26. e4 Bc8 27. Nxe5 Bf6 28. f4 Bxg4+
29. Kf2 Rad8 30. Qg3 Rd2+ 31. Ke1 Bxe5 32. fxe5 Re2+ 33. Kf1 Qd7 34. Kg1 Rxb2
35. Bd3 Rd2 36. Qf4 Qd4+ 37. Kh2 Rxd3 38. Rf1 Qe3 39. Qf6+ Kxh6 40. Qh4+ Bh5 41.
Rf5 Qg3+ 0-1

[Event "Isle of Man Open"]
[Site "Douglas"]
[Date "21.10.2018"]
[Round "2.66"]
[White "Trent, Lawrence"]
[Black "Grant, Jonathan I M"]
[Result "1-0"]
[WhiteTitle "IM"]
[WhiteElo "2391"]
[BlackElo "2203"]
[WhiteFideId "408638"]
[BlackFideId "2400294"]
[EventDate "2018.10.20"]

1. d4 Nf6 2. Bg5 e6 3. Nd2 c5 4. e3 Nc6 5. Ngf3 d5 6. c3 h6 7. Bh4 Be7 8. Bd3
O-O 9. O-O b6 10. Ne5 Nxe5 11. dxe5 Nd7 12. Bg3 Qc7 13. Qh5 Bb7 14. Nf3 c4 15.
Bc2 Nc5 16. Nd4 Qd7 17. Bf4 Rfc8 18. Rad1 Qe8 19. Qg4 Kf8 20. Qh3 Kg8 21. f3 Nd3
22. Rxd3 cxd3 23. Bxd3 Qf8 24. g4 g5 25. Bg3 Qg7 26. f4 gxf4 27. exf4 Bc5 28.
Bh4 h5 29. Bg5 hxg4 30. Qh4 f5 31. exf6 Qh8 32. Bh6 Kf7 33. Qh5+ Kxf6 34. Qg5+
Kf7 35. Bg6+ Kg8 36. Bh5+ 1-0

[Event "Isle of Man Open"]
[Site "Douglas"]
[Date "21.10.2018"]
[Round "2.67"]
[White "Paramzina, Anastasya"]
[Black "Hoefelsauer, Thomas"]
[Result "1-0"]
[WhiteTitle "WGM"]
[BlackTitle "FM"]
[WhiteElo "2243"]
[BlackElo "2380"]
[WhiteFideId "4165012"]
[BlackFideId "24668842"]
[EventDate "2018.10.20"]

1. e4 c6 2. d4 d5 3. e5 c5 4. dxc5 e6 5. a3 Bxc5 6. b4 Bb6 7. Bb2 Ne7 8. Nf3 a5
9. Bd3 axb4 10. axb4 Rxa1 11. Bxa1 Ng6 12. g3 Na6 13. c3 O-O 14. O-O f6 15. Bxg6
hxg6 16. Nbd2 Bd7 17. Qb1 f5 18. h4 Qe7 19. Nb3 Nc7 20. Nbd4 Nb5 21. Qb3 Nxd4
22. cxd4 Bb5 23. Rc1 Ra8 24. Bb2 Bc4 25. Qc3 Qd7 26. Nd2 Rc8 27. Qa3 Bd8 28. f4
Be7 29. Qa5 Rc6 30. Nxc4 dxc4 31. b5 Rc8 32. Kf2 Kf7 33. Bc3 Bd8 34. b6 Qd5 35.
Qa7 Qe4 36. Re1 Qc6 37. Rb1 Kg8 38. Rb2 Kh7 39. Qa1 Qe4 40. Qb1 Qc6 41. Rb5 Ra8
42. Rc5 Qa4 43. Ke3 Ra6 44. Rb5 Be7 45. Kd2 Kh6 46. Ke3 Qa3 47. Qc2 Ra4 48. Qb2
Qxb2 49. Bxb2 Kh5 50. d5 exd5 51. Rxd5 Rb4 52. Bd4 Rb3+ 53. Ke2 c3 54. Kd3 Bb4
55. Rd7 Rb2 56. Rc7 Kg4 57. Bxc3 Bxc3 58. Kxc3 Rxb6 59. Rxg7 Kxg3 60. h5 Rc6+
61. Kd4 Kxf4 62. h6 Rc8 63. h7 Rd8+ 64. Kc5 Kxe5 65. Rg8 Rd5+ 66. Kb6 Rd6+ 67.
Kc7 1-0

[Event "Isle of Man Open"]
[Site "Douglas"]
[Date "21.10.2018"]
[Round "2.68"]
[White "Guramishvili, Sopiko"]
[Black "Leutwyler, Martin"]
[Result "1-0"]
[WhiteTitle "IM"]
[WhiteElo "2378"]
[BlackElo "2142"]
[WhiteFideId "13602888"]
[BlackFideId "1301969"]
[EventDate "2018.10.20"]

1. e4 c6 2. d4 d5 3. exd5 cxd5 4. Bd3 Nc6 5. c3 Nf6 6. Bf4 Bg4 7. Qb3 Qc8 8. Nd2
e6 9. Ngf3 Be7 10. O-O O-O 11. Rfe1 Bh5 12. Ng5 Bg6 13. Bxg6 hxg6 14. Ndf3 Nh5
15. Bd2 Na5 16. Qc2 Nc4 17. Bc1 Nf6 18. h4 Nd6 19. Ne5 Nfe4 20. Qd3 Nxg5 21.
hxg5 Ne4 22. Rxe4 dxe4 23. Qxe4 Bd6 24. Bf4 Bxe5 25. Bxe5 Qc6 26. Qh4 Qb5 27.
Re1 Qxb2 28. Re3 Rfd8 29. Kh2 Kf8 30. Bxg7+ Ke8 31. Rf3 Qxa2 32. Qf4 Kd7 33.
Qxf7+ Kc6 34. Re3 Re8 35. Re5 a5 36. Rc5+ Kb6 37. Qd7 Red8 38. Rb5+ 1-0

[Event "Isle of Man Open"]
[Site "Douglas"]
[Date "21.10.2018"]
[Round "2.69"]
[White "Moksh, Amit Doshi"]
[Black "Wallace, John Paul"]
[Result "0-1"]
[BlackTitle "IM"]
[WhiteElo "2224"]
[BlackElo "2377"]
[WhiteFideId "25064967"]
[BlackFideId "3200957"]
[EventDate "2018.10.20"]

1. Nf3 Nf6 2. g3 g6 3. Bg2 Bg7 4. O-O O-O 5. d4 d5 6. c4 dxc4 7. Na3 Nc6 8. Nxc4
Be6 9. b3 a5 10. Bb2 a4 11. Ng5 Bd5 12. e4 Bxc4 13. bxc4 a3 14. Bc3 Nd7 15. e5
Nb6 16. Rb1 Na4 17. Ba1 Nb2 18. Bxb2 axb2 19. Bxc6 bxc6 20. Rxb2 c5 21. Rd2 Qc8
22. Qe2 Bh6 23. f4 Bxg5 24. fxg5 cxd4 25. Rxd4 Qe6 26. Rdf4 Ra5 27. Re4 Rfa8 28.
Rf2 Rc5 29. Qf3 c6 30. Qf4 Ra4 31. Rc2 Raa5 32. Qd2 Rxe5 33. Qd8+ Kg7 34. Qd4
Qd6 35. Qc3 Qd1+ 36. Kg2 f6 37. gxf6+ exf6 38. Rf4 g5 39. Rf1 Qg4 40. Rcf2 Qe4+
41. Kg1 Rf5 42. Re1 Qg4 43. Re7+ Kf8 44. Qe1 Qd4 45. Re3 Qxc4 46. Rd2 Rae5 47.
Rde2 Qd4 48. Kg2 Qd5+ 49. Kg1 Qd4 50. Kg2 Qd5+ 51. Kg1 Rxe3 52. Rxe3 Qxa2 53.
Qb4+ Kg7 54. Qe7+ Qf7 55. Qa3 c5 56. Re4 Qd7 57. Qc3 Qd1+ 58. Re1 Qd6 59. Qa1
Qd2 60. Qb1 Qd4+ 61. Kh1 Qd5+ 62. Kg1 Re5 63. Rd1 Qe4 64. Qa1 Qe3+ 65. Kh1 Qe4+
66. Kg1 Qe3+ 67. Kh1 Re7 68. Rf1 Qe4+ 69. Kg1 Qe5 70. Qb1 Qd4+ 71. Kh1 Qe4+ 72.
Qxe4 Rxe4 73. Rc1 c4 74. Kg2 Kg6 75. Kf3 f5 76. Ra1 Re6 77. Rc1 Rc6 78. Ke3 c3
79. Kd3 c2 80. Kd2 Kh5 81. h3 f4 82. gxf4 gxf4 83. Ke2 Kh4 84. Kf3 Rc4 85. Kg2
Rc3 0-1

[Event "Isle of Man Open"]
[Site "Douglas"]
[Date "21.10.2018"]
[Round "2.70"]
[White "Karavade, Eesha"]
[Black "Burrows, Martin P"]
[Result "1-0"]
[WhiteTitle "IM"]
[WhiteElo "2374"]
[BlackElo "2121"]
[WhiteFideId "5012600"]
[BlackFideId "409057"]
[EventDate "2018.10.20"]

1. Nf3 Nf6 2. c4 e6 3. g3 d5 4. Bg2 dxc4 5. Qa4+ Nbd7 6. Qxc4 c5 7. O-O a6 8.
Qc2 Be7 9. Nc3 O-O 10. d4 Ra7 11. Rd1 b5 12. dxc5 Bxc5 13. Ng5 Qc7 14. Qb1 h6
15. Nge4 Bb7 16. Nxc5 Nxc5 17. Bxb7 Rxb7 18. Bf4 e5 19. Be3 Ng4 20. Nd5 Qc6 21.
Qc2 Nxe3 22. Nxe3 Qb6 23. Rd5 Rc7 24. Qf5 e4 25. Rad1 Rc6 26. b3 Rf6 27. Qe5 Re6
28. Qd4 Nb7 29. Qxb6 Rxb6 30. Re5 Re6 31. Rxe6 fxe6 32. Rc1 Rd8 33. Rc7 Nd6 34.
Ra7 Nf5 35. Nxf5 exf5 36. Rxa6 Rd2 37. e3 Kf7 38. h3 h5 39. Ra5 Kf6 40. Rxb5
Rxa2 41. Rb8 Rb2 42. b4 Rb1+ 43. Kg2 g6 44. b5 Kg7 45. b6 Kf7 46. g4 h4 47. gxf5
gxf5 48. b7 Kg7 49. Kh2 Rb2 50. Kg1 Rb1+ 51. Kg2 Rb3 52. Kf1 Rb2 53. Ke1 Rb1+
54. Kd2 Rb3 55. Kc2 Rb5 56. Kc3 Rb1 57. Kd4 Rb5 58. Kc4 Rb1 59. Kd5 Rb2 60. Ke5
Rb5+ 61. Kf4 Kh7 62. Kg5 1-0

[Event "Isle of Man Open"]
[Site "Douglas"]
[Date "21.10.2018"]
[Round "2.71"]
[White "Lorscheid, Gerhard"]
[Black "Jackson, James P"]
[Result "1/2-1/2"]
[WhiteTitle "FM"]
[BlackTitle "FM"]
[WhiteElo "2205"]
[BlackElo "2371"]
[WhiteFideId "4606000"]
[BlackFideId "416860"]
[EventDate "2018.10.20"]

1. d4 d5 2. Nf3 Nf6 3. c4 e6 4. cxd5 exd5 5. Nc3 Bb4 6. Qa4+ Nc6 7. Bg5 h6 8.
Bxf6 Qxf6 9. e3 O-O 10. Rc1 Rd8 11. a3 Bf8 12. Qd1 Ne7 13. Bd3 c6 14. O-O Bg4
15. h3 Be6 16. Re1 Ng6 17. e4 dxe4 18. Nxe4 Qf4 19. g3 Qc7 20. Nf6+ gxf6 21.
Bxg6 fxg6 22. Rxe6 Qf7 23. Qe2 Re8 24. Re1 Rxe6 25. Qxe6 Qxe6 26. Rxe6 Kf7 27.
Re2 Rd8 28. g4 Rd5 29. a4 Bb4 30. Kf1 Ra5 31. b3 Ra6 32. Re4 Rb6 33. Re3 Ba5 34.
Ke2 Rb4 35. Kd1 Bb6 36. Rd3 Ke6 37. Kc2 Kd5 38. Nh4 g5 39. Nf5 Bxd4 40. Nxh6 Ke5
41. f3 b5 42. axb5 cxb5 43. Nf5 a5 44. h4 gxh4 45. Nxh4 Bc5 46. Rc3 Kd5 47. Rd3+
Ke6 48. Rc3 Bd4 49. Rc6+ Kd5 50. Ra6 a4 51. bxa4 bxa4 52. Nf5 Be5 53. Ra5+ Ke6
54. Ra6+ Kd7 55. Kd3 Kc7 56. Ne3 Kb7 57. Ra5 Bc7 58. Rc5 Bb6 59. Rc3 Rd4+ 60.
Kc2 Ka6 61. Rc4 Kb5 62. Rxd4 Bxd4 63. Nf5 Be5 64. f4 Bxf4 65. Kb2 Kc4 66. Ka2
Bd2 67. Nd6+ Kb4 68. Ne4 Bc3 1/2-1/2

[Event "Isle of Man Open"]
[Site "Douglas"]
[Date "21.10.2018"]
[Round "2.72"]
[White "Serarols Mabras, Bernat"]
[Black "Dahl, Baard"]
[Result "1-0"]
[WhiteTitle "FM"]
[WhiteElo "2367"]
[BlackElo "2113"]
[WhiteFideId "2238276"]
[BlackFideId "444251"]
[EventDate "2018.10.20"]

1. d4 Nf6 2. c4 g6 3. g3 c6 4. Bg2 d5 5. Qa4 Bg7 6. cxd5 Nxd5 7. Nf3 O-O 8. O-O
Nd7 9. Rd1 e5 10. Nxe5 Nxe5 11. dxe5 Bxe5 12. Qb3 Qf6 13. Nd2 Nb6 14. Ne4 Qe6
15. Nc5 Qxb3 16. axb3 Bg7 17. Bf3 Nd5 18. e4 Nb4 19. Ra4 a5 20. Bd2 b5 21. Raa1
Nc2 22. Rxa5 Rxa5 23. Bxa5 Nd4 24. Rd3 Nxf3+ 25. Rxf3 Bh3 26. Rd3 Bxb2 27. f3 f5
28. Bc3 fxe4 29. Nxe4 Bxc3 30. Rxc3 Be6 31. Kf2 Bd5 32. Ke3 Kg7 33. Kd4 Ra8 34.
Kc5 Ra2 35. h4 Rb2 36. b4 Re2 37. Nd6 Kf6 38. Nxb5 Rf2 39. Nd4 h6 40. b5 Ra2 41.
Nxc6 1-0

[Event "Isle of Man Open"]
[Site "Douglas"]
[Date "21.10.2018"]
[Round "2.73"]
[White "Stanetzek, Carsten"]
[Black "Lubbe, Melanie"]
[Result "0-1"]
[BlackTitle "WGM"]
[WhiteElo "2192"]
[BlackElo "2359"]
[WhiteFideId "4616634"]
[BlackFideId "4690745"]
[EventDate "2018.10.20"]

1. e4 c5 2. Nf3 e6 3. Nc3 a6 4. d4 cxd4 5. Nxd4 b5 6. Bd3 Qb6 7. Nb3 Qc7 8. O-O
Bb7 9. Re1 Nf6 10. e5 b4 11. Nb1 Nd5 12. c4 bxc3 13. Nxc3 Nxc3 14. bxc3 Nc6 15.
Bf4 Ne7 16. Bg3 Ng6 17. h4 Ne7 18. Nd2 Nd5 19. Nc4 Nxc3 20. Qg4 Nd5 21. Rac1 h5
22. Nd6+ Qxd6 0-1

[Event "Isle of Man Open"]
[Site "Douglas"]
[Date "21.10.2018"]
[Round "2.74"]
[White "Bopp, Thomas"]
[Black "Mortazavi, Ali"]
[Result "1/2-1/2"]
[BlackTitle "IM"]
[WhiteElo "2160"]
[BlackElo "2353"]
[WhiteFideId "4656113"]
[BlackFideId "401323"]
[EventDate "2018.10.20"]

1. d4 g6 2. e4 Bg7 3. Nc3 d6 4. Be3 a6 5. Qd2 b5 6. Bd3 Nd7 7. Nf3 Bb7 8. O-O
Ngf6 9. e5 Nd5 10. exd6 cxd6 11. Nxd5 Bxd5 12. Be2 O-O 13. Bh6 Nf6 14. Bxg7 Kxg7
15. Rfe1 Qd7 16. h3 Qb7 17. Nh4 e6 18. Bf3 Rac8 19. c3 a5 20. a3 h6 21. Qf4 g5
22. Qg3 Kh7 23. Bxd5 Qxd5 24. Qf3 Kg7 25. Qxd5 Nxd5 26. Nf3 b4 27. cxb4 axb4 28.
Rec1 Nf4 29. Rxc8 Rxc8 30. axb4 Rb8 31. Ra6 Rxb4 32. Rxd6 Rxb2 33. Rd7 Rb1+ 34.
Kh2 Rf1 35. Ne5 Rxf2 36. Rxf7+ Kg8 37. Rf6 Rxg2+ 38. Kh1 Rd2 39. h4 Rd1+ 40. Kh2
Rd2+ 41. Kh1 Rxd4 42. Rxh6 Rd5 43. Nf3 g4 44. Rf6 Rd1+ 45. Ng1 Nh3 46. Rxe6 Kf7
47. Re3 Rxg1+ 48. Kh2 Ra1 49. Kg3 Ra4 50. Re1 Kg6 51. Rf1 Rb4 52. Ra1 Rd4 53.
Rb1 Kf5 54. Rb5+ Ke6 55. Rb1 Ra4 56. Rf1 Rd4 57. Ra1 Kd5 58. Ra5+ Ke6 59. Ra1
Nf4 60. Kxg4 Ng6+ 61. Kg5 Nxh4 62. Ra6+ Kd7 63. Kf6 Nf3 64. Ra3 Nd2 65. Ke5 Nc4+
66. Kxd4 1/2-1/2

[Event "Isle of Man Open"]
[Site "Douglas"]
[Date "21.10.2018"]
[Round "2.75"]
[White "Byron, Alan M"]
[Black "Wu, Li"]
[Result "1/2-1/2"]
[WhiteElo "2136"]
[BlackElo "2335"]
[WhiteFideId "401773"]
[BlackFideId "411086"]
[EventDate "2018.10.20"]

1. e4 c5 2. Nf3 d6 3. c3 Nf6 4. Be2 Nc6 5. d3 Bg4 6. Nbd2 e6 7. O-O Be7 8. Re1
O-O 9. Nf1 d5 10. exd5 Nxd5 11. Ng3 Qc7 12. h3 Bxf3 13. Bxf3 Rfd8 14. Be4 Nf6
15. Qe2 Nxe4 16. dxe4 Bd6 17. Nf1 a6 18. Nd2 b5 19. Nf3 Ne5 20. Nxe5 Bxe5 21.
Bg5 f6 22. Be3 c4 23. Red1 Qc6 24. Rxd8+ Rxd8 25. Rd1 Rxd1+ 26. Qxd1 h6 27. Qc2
a5 28. a3 Kf7 29. h4 g5 30. hxg5 hxg5 31. Bc1 Kg6 32. g3 f5 33. exf5+ exf5 34.
Qe2 Qd5 35. f4 gxf4 36. gxf4 Bf6 37. Qg2+ Qxg2+ 38. Kxg2 Kf7 39. Be3 b4 40. axb4
axb4 41. Bd2 Ke6 42. Kf3 Kd5 43. Ke3 Bg7 44. Be1 Kc6 45. Ke2 Kb5 46. Kd1 Kc6 47.
Ke2 Kb5 48. Kd1 Bf8 49. Bd2 Bc5 50. Bc1 Kc6 51. Ke2 Kd5 52. Kf3 Bb6 53. Be3 1/2-1/2

[Event "Isle of Man Open"]
[Site "Douglas"]
[Date "21.10.2018"]
[Round "2.76"]
[White "Gavilan Diaz, Mario"]
[Black "Jonsson, Gauti Pall"]
[Result "1-0"]
[WhiteTitle "FM"]
[WhiteElo "2334"]
[BlackElo "2073"]
[WhiteFideId "2260905"]
[BlackFideId "2309092"]
[EventDate "2018.10.20"]

1. d4 e6 2. Nf3 f5 3. g3 Nf6 4. Bg2 Be7 5. O-O O-O 6. c4 d6 7. Nc3 Ne4 8. Qc2
Nxc3 9. Qxc3 a5 10. b3 Nc6 11. Bb2 Bf6 12. Qd2 e5 13. Rfd1 Qe8 14. d5 Ne7 15. c5
Qh5 16. cxd6 cxd6 17. Ba3 Ng6 18. Bxd6 Re8 19. Rac1 f4 20. Bc7 Bh3 21. Bxh3 Qxh3
22. d6 fxg3 23. hxg3 Kh8 24. Ng5 Qf5 25. Nf7+ Kg8 26. d7 Rf8 27. e4 Qh3 28. d8=Q
Bxd8 29. Nxd8 Nh4 30. Qd5+ Kh8 31. gxh4 Raxd8 32. Qxd8 Qg4+ 33. Kf1 Qh3+ 34. Kg1
Qg4+ 35. Kf1 Qh3+ 36. Ke1 Qh1+ 37. Kd2 Rxd8+ 38. Bxd8 Qxe4 39. Bxa5 h6 40. Bc3
Qf4+ 41. Kc2 Qxf2+ 42. Kb1 Qxh4 43. Re1 1-0

[Event "Isle of Man Open"]
[Site "Douglas"]
[Date "21.10.2018"]
[Round "2.77"]
[White "Vidic, Teja"]
[Black "Dubinski, Mateusz"]
[Result "1/2-1/2"]
[WhiteTitle "WFM"]
[BlackTitle "FM"]
[WhiteElo "2116"]
[BlackElo "2327"]
[WhiteFideId "14605511"]
[BlackFideId "1125923"]
[EventDate "2018.10.20"]

1. e4 e5 2. Nf3 Nc6 3. Bb5 a6 4. Ba4 Nf6 5. O-O Be7 6. Re1 b5 7. Bb3 d6 8. c3
O-O 9. d4 Bg4 10. Be3 exd4 11. cxd4 d5 12. e5 Ne4 13. h3 Bh5 14. Nc3 Nxc3 15.
bxc3 Na5 16. Bc2 Nc4 17. a4 c6 18. axb5 cxb5 19. Bf5 Qb6 20. g4 Bg6 21. Qd3 Qc6
22. Bg5 Bxg5 23. Nxg5 h6 24. Nf3 Bxf5 25. gxf5 f6 26. e6 Rfe8 27. Nh4 Nd6 28. f3
Qc4 29. Qxc4 dxc4 30. d5 Red8 31. e7 Rd7 32. Ng6 Kf7 33. Rxa6 Rxa6 34. e8=Q+
Nxe8 35. Nh8+ Kf8 36. Ng6+ Kf7 1/2-1/2

[Event "Isle of Man Open"]
[Site "Douglas"]
[Date "21.10.2018"]
[Round "2.78"]
[White "Bellin, Robert"]
[Black "Schroer, Marcel"]
[Result "1/2-1/2"]
[WhiteTitle "IM"]
[WhiteElo "2326"]
[BlackElo "2064"]
[WhiteFideId "400343"]
[BlackFideId "1012908"]
[EventDate "2018.10.20"]

1. e4 d6 2. d4 Nf6 3. Nc3 g6 4. f4 Bg7 5. Nf3 O-O 6. Bd3 Na6 7. O-O c5 8. d5 Bg4
9. Bc4 Nc7 10. h3 Bxf3 11. Qxf3 a6 12. a4 b6 13. Qd3 e6 14. Bd2 exd5 15. exd5
Qc8 16. Rab1 Rb8 17. Rfe1 b5 18. axb5 axb5 19. Nxb5 Nxb5 20. Bxb5 Nxd5 21. Qxd5
Rxb5 22. Bc3 Bxc3 23. bxc3 Rxb1 24. Rxb1 Qe6 25. Qxe6 fxe6 26. Rb6 Rxf4 27. Rxd6
Kf7 28. Rd7+ Kf6 29. Rxh7 Rc4 30. Rd7 Rxc3 31. Rd2 e5 32. Rf2+ Ke6 33. Re2 Kf5
34. Rf2+ Ke4 35. h4 Ke3 36. Rf6 Rxc2 37. Rxg6 c4 38. h5 Rc1+ 39. Kh2 Ra1 40. Rc6
Kd3 41. g4 e4 42. h6 e3 43. h7 Ra8 44. g5 Re8 45. Ra6 e2 46. Ra1 c3 47. g6 c2
48. g7 e1=Q 49. Rxe1 Rxe1 50. g8=Q Re2+ 51. Kg3 Re3+ 52. Kg4 Re4+ 53. Kf5 c1=Q
54. Qd5+ Rd4 55. Qf3+ Kd2 56. Qg2+ Kd3 57. Qf3+ Kd2 58. Qf2+ Kd3 59. Qg3+ Ke2
60. Qe5+ Kf3 61. Qxd4 Qc2+ 62. Kg5 Qxh7 1/2-1/2

[Event "Isle of Man Open"]
[Site "Douglas"]
[Date "21.10.2018"]
[Round "2.79"]
[White "Shaw, Peter"]
[Black "Sahl, Bjarke"]
[Result "0-1"]
[BlackTitle "IM"]
[WhiteElo "2096"]
[BlackElo "2322"]
[WhiteFideId "411361"]
[BlackFideId "1400231"]
[EventDate "2018.10.20"]

1. d4 Nf6 2. c4 e6 3. Nf3 b6 4. a3 Bb7 5. Nc3 g6 6. d5 Bg7 7. e4 O-O 8. Bd3 Re8
9. O-O d6 10. h3 Nbd7 11. Be3 Nc5 12. Bc2 a5 13. Re1 Nh5 14. Nd4 e5 15. Nc6 Bxc6
16. dxc6 Nf4 17. Kh2 Nce6 18. g3 Nh5 19. Nb5 Nf6 20. b4 h5 21. Qd2 h4 22. g4 Nh7
23. Kg2 Bf6 24. Nc3 Nf4+ 25. Bxf4 exf4 26. b5 Ng5 27. f3 Bxc3 28. Qxc3 Re5 29.
Rad1 Qf6 30. Re2 Kg7 31. Rd5 Ne6 32. Red2 Nc5 33. Rd1 Rxd5 34. Qxf6+ Kxf6 35.
Rxd5 Re8 36. Kf2 Re5 37. Rd1 Ne6 38. Bd3 Rc5 39. Bf1 Ke5 40. Rd2 Nd4 41. Rb2 f5
42. gxf5 gxf5 43. exf5 Nxf5 44. Rb1 d5 45. Re1+ Ne3 46. cxd5 Rxd5 47. Be2 Kf6
48. Rg1 Rg5 49. Rxg5 Kxg5 50. Ke1 Kf6 51. Kd2 Ke5 52. Kc3 Nf5 53. a4 Nd4 54. Bd1
Ne6 55. Be2 Ng5 56. Bf1 Nxf3 57. Kd3 Nd4 58. Bg2 Ne6 0-1

[Event "Isle of Man Open"]
[Site "Douglas"]
[Date "21.10.2018"]
[Round "2.80"]
[White "Kolbus, Dietmar"]
[Black "Harari, Zaki"]
[Result "1/2-1/2"]
[WhiteTitle "IM"]
[WhiteElo "2313"]
[BlackElo "2055"]
[WhiteFideId "4610628"]
[BlackFideId "2002639"]
[EventDate "2018.10.20"]

1. c4 Nf6 2. Nc3 c5 3. Nf3 e6 4. g3 b6 5. Bg2 Bb7 6. O-O Be7 7. b3 O-O 8. Bb2 d6
9. d4 cxd4 10. Qxd4 Nc6 11. Qf4 a6 12. Rfd1 Qc7 13. Rac1 Ne5 14. Nb1 Ng6 15. Qd4
e5 16. Qd2 Ne4 17. Qe1 f5 18. Nc3 Nxc3 19. Bxc3 f4 20. Bb4 fxg3 21. fxg3 Rad8
22. e4 h6 23. Kh1 Bc8 24. Rd3 Be6 25. Ng1 Nh8 26. Bh3 Bxh3 27. Nxh3 Nf7 28. Kg2
Qc8 29. Qe2 b5 30. Rd5 bxc4 31. Rxc4 Qb7 32. Bd2 Rc8 33. Nf2 Rxc4 34. Qxc4 Rc8
35. Qd3 Qc6 36. Be3 Nd8 37. Ra5 Ra8 38. Ra4 Kf8 39. Nd1 Ne6 40. Nc3 Nc7 41. Qc4
Qd7 42. Bb6 Ne6 43. Qf1+ Kg8 44. Nd5 Rf8 45. Qe2 Ng5 46. Nxe7+ Qxe7 47. Be3 Nf3
48. Rxa6 Kh8 49. Ra7 Qe6 50. Ra4 Qg4 51. Kh1 Qh5 52. Rc4 Qg6 53. Bf2 Qh5 54. Bg1
Qh3 55. Rc1 Ng5 56. Re1 Rf3 57. Qg2 Qg4 58. Qe2 Qh3 59. Qg2 Qg4 60. Qe2 Qh3 61.
Qg2 1/2-1/2

[Event "Isle of Man Open"]
[Site "Douglas"]
[Date "21.10.2018"]
[Round "2.81"]
[White "Mai, Aron Thor"]
[Black "Heinemann, Josefine"]
[Result "0-1"]
[BlackTitle "WIM"]
[WhiteElo "2063"]
[BlackElo "2308"]
[WhiteFideId "2313383"]
[BlackFideId "12900460"]
[EventDate "2018.10.20"]

1. e4 c5 2. Nf3 d6 3. d4 cxd4 4. Nxd4 Nf6 5. Nc3 a6 6. Bg5 e6 7. f4 h6 8. Bh4
Be7 9. Qf3 Nbd7 10. O-O-O Qc7 11. Be2 Rg8 12. Qg3 Rb8 13. Rhf1 b5 14. a3 b4 15.
axb4 Rxb4 16. Bf3 Qb6 17. Nb3 a5 18. Qe1 a4 19. Bf2 Qb8 20. Nd4 Bb7 21. Ndb5
Bxe4 22. Be2 Bxg2 23. Rg1 Ba8 24. f5 e5 25. Ba7 Qb7 26. Be3 d5 27. Rg3 Nb6 28.
Bxh6 gxh6 29. Rxg8+ Nxg8 30. Qg3 Bg5+ 31. Kb1 Qb8 32. Bh5 Nc4 33. h4 Rxb5 34.
Nxb5 Qxb5 35. b3 axb3 36. cxb3 Nf6 37. Bxf7+ Kxf7 38. hxg5 hxg5 39. Kc1 Na5 40.
Qxe5 Nxb3+ 41. Kc2 Nc5 42. Rh1 Qb3+ 43. Kd2 Nfe4+ 44. Ke2 Qd3+ 45. Ke1 Qe3+ 0-1